[Event "13. Sparkassen Open 2014 - Gruppe B"]
[Site "Forchheim"]
[Date "2014.10.04"]
[Round "3.39"]
[White "Krammer, Werner"]
[Black "Balhar, Michael"]
[Result "0-1"]
[WhiteElo "1529"]
[BlackElo "1725"]
[PlyCount "80"]
[EventDate "2014.??.??"]

1. e4 c5 2. Nf3 e6 3. d4 cxd4 4. Nxd4 a6 5. Be2 Nf6 6. Bg5 Qa5+ 7. Bd2 Qb6 8.
Nb3 Nxe4 9. Be3 Qc7 10. O-O b5 11. N1d2 Bb7 12. Bf3 Nf6 13. Rc1 Bxf3 14. Qxf3
Qc6 15. Qg3 d5 16. Nd4 Qd7 17. f4 g6 18. N2f3 Nc6 19. c3 Ne4 20. Qh4 Bg7 21. g4
h5 22. f5 gxf5 23. gxf5 e5 24. Nxc6 Qxc6 25. Qe1 Bf6 26. Rc2 Rg8+ 27. Rg2 Ke7
28. Qe2 Nd6 29. Bf4 Rxg2+ 30. Kxg2 Rg8+ 31. Kh3 e4 32. Nd4 Bxd4 33. cxd4 Qc4
34. Bxd6+ Kxd6 35. Qf2 Qd3+ 36. Kh4 e3 37. Qf4+ Kd7 38. Rf3 Rg4+ 39. Qxg4 hxg4
40. Kxg4 Qxd4+ 0-1

[Event "13. Sparkassen Open 2014 - Gruppe B"]
[Site "Forchheim"]
[Date "2014.10.04"]
[Round "3.40"]
[White "Bachhuber, Dominik"]
[Black "Weber, Alexander"]
[Result "1-0"]
[WhiteElo "1915"]
[BlackElo "1700"]
[PlyCount "55"]
[EventDate "2014.??.??"]

1. e4 Nc6 2. Nc3 e5 3. Nf3 Bc5 4. Bb5 Nge7 5. Ne2 a6 6. Ba4 b5 7. Bb3 d5 8. Ng3
O-O 9. c3 d4 10. d3 h6 11. O-O Qd6 12. Qe2 Be6 13. Nh4 Bxb3 14. axb3 f5 15.
Nhxf5 Nxf5 16. Nxf5 Qg6 17. Kh1 Ne7 18. Nxe7+ Bxe7 19. f4 Bd6 20. f5 Qh7 21.
Qg4 Rf6 22. Rf3 c5 23. Rh3 Kh8 24. Bg5 Rf7 25. f6 Bf8 26. Qe6 Qg6 27. fxg7+
Rxg7 28. Rxh6+ 1-0

[Event "13. Sparkassen Open 2014 - Gruppe B"]
[Site "Forchheim"]
[Date "2014.10.04"]
[Round "3.41"]
[White "Semenova, Alisa"]
[Black "Unkelbach, Manfred"]
[Result "1-0"]
[WhiteElo "1607"]
[BlackElo "1926"]
[PlyCount "77"]
[EventDate "2014.??.??"]

1. e4 c6 2. d4 d5 3. Nc3 dxe4 4. Nxe4 Bf5 5. Ng3 Bg6 6. Nf3 e6 7. Bc4 Nd7 8.
O-O Ngf6 9. Re1 Be7 10. c3 Nd5 11. Ne5 Nxe5 12. dxe5 Bc5 13. Qe2 O-O 14. Rd1
Qe7 15. Bd3 Bxd3 16. Rxd3 Rad8 17. Ne4 h6 18. Qg4 Kh8 19. Rh3 f5 20. Qg6 fxe4
21. Bxh6 Bxf2+ 22. Kh1 Kg8 23. Bg5 Nf6 24. exf6 Rxf6 25. Bxf6 Qxf6 26. Qxe4 Rd5
27. Rf3 Rf5 28. Rxf5 exf5 29. Qe8+ Kh7 30. Qh5+ Kg8 31. Qf3 Bb6 32. Rf1 g6 33.
g4 Bc7 34. gxf5 g5 35. Qe4 Bf4 36. Qe6+ Kg7 37. Qd7+ Kh6 38. Rf3 Kh5 39. Qh7+
1-0

[Event "13. Sparkassen Open 2014 - Gruppe B"]
[Site "Forchheim"]
[Date "2014.10.04"]
[Round "3.42"]
[White "Heinkelmann, Josef"]
[Black "Delere, Adrian"]
[Result "1/2-1/2"]
[WhiteElo "1853"]
[BlackElo "1590"]
[PlyCount "107"]
[EventDate "2014.??.??"]

1. c4 c5 2. Nc3 Nc6 3. Nf3 Nf6 4. g3 g6 5. Bg2 Bg7 6. O-O O-O 7. d4 cxd4 8.
Nxd4 Nxd4 9. Qxd4 d6 10. Qd3 a6 11. Be3 Bf5 12. Qd2 Qd7 13. Rfd1 Rab8 14. Rac1
Rfc8 15. b3 Qc7 16. Ba7 Ra8 17. Bd4 Rab8 18. Bxf6 exf6 19. Qxd6 Qa5 20. Qd5 Qc7
21. Qd6 Qa5 22. Qd5 Qc7 23. a4 Qb6 24. Qd4 Qxb3 25. Nd5 Kf8 26. Qf4 Rd8 27. Qc7
Re8 28. Qd6+ Kg8 29. Ne7+ Kh8 30. Nxf5 gxf5 31. Qd7 Rxe2 32. Qxf7 Qxa4 33. Rd7
Rg8 34. Bd5 Ree8 35. Rxb7 a5 36. Qh5 Rgf8 37. Qxf5 Re5 38. Qb1 Qa3 39. Rd1 a4
40. Ra7 Rg5 41. h4 Rg4 42. Qf5 Rg6 43. Bf7 Rh6 44. Rdd7 Qc1+ 45. Kg2 a3 46. Bd5
Rg6 47. Ra4 Rb8 48. Rda7 Bf8 49. Qe6 Rb1 50. Kf3 Qc3+ 51. Kg2 Qc1 52. Kf3 Qc3+
53. Kg2 Qc1 54. Kf3 1/2-1/2

[Event "13. Sparkassen Open 2014 - Gruppe B"]
[Site "Forchheim"]
[Date "2014.10.04"]
[Round "3.44"]
[White "Li, Simon"]
[Black "Lehmann, Tornalf"]
[Result "1-0"]
[WhiteElo "1814"]
[BlackElo "1640"]
[PlyCount "37"]
[EventDate "2014.??.??"]

1. e4 Nf6 2. e5 Nd5 3. d4 d6 4. c4 Nb6 5. f4 Bf5 6. Nc3 dxe5 7. fxe5 e6 8. Nf3
c5 9. d5 exd5 10. cxd5 g6 11. Bg5 Be7 12. Bf4 a6 13. Be2 c4 14. Qd4 Rg8 15. d6
Bf8 16. Bg5 Nc6 17. Qf2 Qd7 18. Qxb6 Bg7 19. Nd5 1-0

[Event "13. Sparkassen Open 2014 - Gruppe B"]
[Site "Forchheim"]
[Date "2014.10.04"]
[Round "3.45"]
[White "Bauschke, Norman"]
[Black "Jacob, Karl Heinz"]
[Result "1/2-1/2"]
[WhiteElo "1623"]
[BlackElo "1716"]
[PlyCount "57"]
[EventDate "2014.??.??"]

1. d4 d5 2. e4 dxe4 3. Nc3 Nf6 4. f3 Nc6 5. d5 Ne5 6. fxe4 e6 7. Bf4 Ng6 8. Bg5
Be7 9. Bb5+ Kf8 10. Qe2 h6 11. Bxf6 Bxf6 12. dxe6 Bxc3+ 13. bxc3 Bxe6 14. Nf3
Nf4 15. Qf2 c6 16. Rd1 Qb6 17. Nd4 Qc7 18. Nxe6+ Nxe6 19. Bc4 Ng5 20. O-O Kg8
21. h4 Ne6 22. Bxe6 fxe6 23. Qd4 Kh7 24. Qd7 Qb6+ 25. Qd4 Kg6 26. Rb1 Qxd4+ 27.
cxd4 b6 28. a4 Rad8 29. c3 1/2-1/2

[Event "13. Sparkassen Open 2014 - Gruppe B"]
[Site "Forchheim"]
[Date "2014.10.04"]
[Round "3.47"]
[White "Schlötterer, Hermann"]
[Black "Gheng, Christian"]
[Result "1-0"]
[WhiteElo "1915"]
[BlackElo "1639"]
[PlyCount "49"]
[EventDate "2014.??.??"]

1. d4 Nf6 2. g3 e6 3. Bg2 c5 4. Nf3 Nc6 5. c4 cxd4 6. Nxd4 Bb4+ 7. Nc3 Qa5 8.
O-O Bxc3 9. bxc3 Qxc3 10. Nb5 Qxa1 11. Nc7+ Kd8 12. Nxa8 Qxa2 13. Qd6 Qa5 14.
Bb2 Ne8 15. Qf4 e5 16. Qxf7 Qc5 17. Bc1 h6 18. Bd5 Rf8 19. Qh5 d6 20. Be3 Nd4
21. Rb1 Rf5 22. Qh4+ g5 23. Qxh6 Nxe2+ 24. Kg2 Qa3 25. Bxg5+ 1-0

[Event "13. Sparkassen Open 2014 - Gruppe B"]
[Site "Forchheim"]
[Date "2014.10.04"]
[Round "3.48"]
[White "Löllmann, Heinrich"]
[Black "Flüchter, Markus"]
[Result "1-0"]
[WhiteElo "1832"]
[BlackElo "1674"]
[PlyCount "36"]
[EventDate "2014.??.??"]

1. e4 e6 2. d4 d5 3. Nc3 Nf6 4. Bg5 Be7 5. e5 Nfd7 6. Bxe7 Qxe7 7. f4 O-O 8.
Qd2 c5 9. Nf3 Nc6 10. O-O-O c4 11. g4 a6 12. f5 f6 13. exf6 Rxf6 14. Bh3 Rh6
15. Qg2 g5 16. fxe6 Rxe6 17. Nxd5 Qd8 18. Qg3 Nf8 1-0

[Event "13. Sparkassen Open 2014 - Gruppe B"]
[Site "Forchheim"]
[Date "2014.10.04"]
[Round "3.49"]
[White "Wolf, Pablo"]
[Black "Pribyl, Viktor"]
[Result "1-0"]
[WhiteElo "1635"]
[BlackElo "1544"]
[PlyCount "99"]
[EventDate "2014.??.??"]

1. e4 c5 2. Nc3 d6 3. g3 Nc6 4. Bg2 e6 5. f4 Nge7 6. d3 g6 7. Be3 Bg7 8. Qd2
O-O 9. Nf3 a6 10. O-O Qc7 11. Rad1 b5 12. d4 cxd4 13. Nxd4 Rd8 14. Qf2 Qd7 15.
Nxc6 Nxc6 16. Bb6 Re8 17. Qd2 Bf8 18. Bh3 Qb7 19. Be3 Qc7 20. f5 Ne5 21. b3
exf5 22. Nd5 Qc6 23. Nf6+ Kh8 24. Nxe8 Qxe8 25. exf5 Bb7 26. Bg2 Bxg2 27. Qxg2
Ng4 28. Bd4+ Kg8 29. fxg6 hxg6 30. Rde1 Qd8 31. Qf3 Nh6 32. Re8 Qxe8 33. Qf6
Qe5 34. Bxe5 dxe5 35. Qxe5 Bg7 36. Qd5 Re8 37. h3 Re3 38. Rf3 Re1+ 39. Kf2 Rc1
40. Qd3 Ra1 41. Qd8+ Kh7 42. Qa5 Rc1 43. Qd2 Ra1 44. c3 Ng8 45. Rxf7 Nf6 46.
Qc2 Rh1 47. Qd3 Rh2+ 48. Kf3 Rxh3 49. Rxf6 Rh6 50. Rf7 1-0

[Event "13. Sparkassen Open 2014 - Gruppe B"]
[Site "Forchheim"]
[Date "2014.10.04"]
[Round "3.50"]
[White "Babichev, Vyacheslav"]
[Black "Fritsch, Julian"]
[Result "1-0"]
[WhiteElo "1852"]
[BlackElo "1516"]
[PlyCount "67"]
[EventDate "2014.??.??"]

1. b3 d6 2. Bb2 Nf6 3. g3 g6 4. Bg2 Bg7 5. e3 O-O 6. Ne2 e5 7. d3 Nc6 8. Nd2
Rb8 9. O-O Bg4 10. h3 Bd7 11. a3 Qc8 12. Kh2 b5 13. c3 a5 14. Qc2 Ne7 15. Rac1
c5 16. c4 Nf5 17. Ng1 Bc6 18. Ngf3 Re8 19. g4 Ne7 20. e4 Nxg4+ 21. hxg4 Qxg4
22. Bh3 Qf4+ 23. Kg2 f5 24. Rh1 fxe4 25. dxe4 Rf8 26. Be6+ Kh8 27. Rh4 Qf6 28.
Bd5 g5 29. Rg4 Bxd5 30. cxd5 Ng6 31. Qc3 Nf4+ 32. Kf1 Qh6 33. Nxg5 Nh3 34. Qxh3
1-0

[Event "13. Sparkassen Open 2014 - Gruppe B"]
[Site "Forchheim"]
[Date "2014.10.04"]
[Round "3.51"]
[White "Wagner, Leopold Franziskus"]
[Black "Winkelmeier, Alfred"]
[Result "1/2-1/2"]
[WhiteElo "1681"]
[BlackElo "1744"]
[PlyCount "71"]
[EventDate "2014.??.??"]

1. Nf3 d5 2. d4 Nf6 3. Bg5 e6 4. c3 Be7 5. e3 Nbd7 6. Bd3 h6 7. Bh4 c5 8. Qc2
c4 9. Be2 a6 10. Nbd2 b5 11. e4 dxe4 12. Nxe4 Bb7 13. Bxf6 Nxf6 14. Nxf6+ Bxf6
15. a3 O-O 16. O-O Qc7 17. Rfe1 Rad8 18. h3 Rd5 19. Nd2 Rg5 20. Bf3 Bxf3 21.
Nxf3 Rf5 22. Qe4 Rd8 23. Rad1 Bg5 24. Nxg5 Rxg5 25. Qe3 Rdd5 26. Rf1 Qb7 27. f3
Rg3 28. Qf2 Rdg5 29. Kh2 Qc7 30. f4 Rxg2+ 31. Qxg2 Rxg2+ 32. Kxg2 Qc6+ 33. Kh2
Qe4 34. Rf2 h5 35. Rdd2 h4 36. Rde2 1/2-1/2

[Event "13. Sparkassen Open 2014 - Gruppe B"]
[Site "Forchheim"]
[Date "2014.10.04"]
[Round "4.1"]
[White "Simon, Jonathan"]
[Black "Pikal, Alexander"]
[Result "1/2-1/2"]
[WhiteElo "1925"]
[BlackElo "1924"]
[PlyCount "44"]
[EventDate "2014.??.??"]

1. d4 d5 2. c4 c6 3. Nc3 f5 4. e3 e6 5. Bd3 Nf6 6. Nf3 Bd6 7. O-O O-O 8. c5 Bc7
9. b4 Ne4 10. Ne2 Bd7 11. Ne5 Be8 12. f3 Ng5 13. Bd2 Nd7 14. f4 Ne4 15. Be1
Ndf6 16. Ng3 Nxg3 17. Bxg3 Bh5 18. Be2 Bxe2 19. Qxe2 Bxe5 20. fxe5 Ne4 21. Be1
Qg5 22. Rf4 Qe7 1/2-1/2

[Event "13. Sparkassen Open 2014 - Gruppe B"]
[Site "Forchheim"]
[Date "2014.10.04"]
[Round "4.2"]
[White "Corral, Carlos"]
[Black "Koelbl, Wolfgang"]
[Result "1-0"]
[WhiteElo "1990"]
[BlackElo "1876"]
[PlyCount "51"]
[EventDate "2014.??.??"]

1. e4 c6 2. Nf3 d6 3. d4 Qc7 4. Nc3 Bg4 5. Bc4 Nf6 6. Bf4 e5 7. dxe5 Bxf3 8.
exd6 Bxd6 9. Bxd6 Bxd1 10. Bxc7 Bxc2 11. O-O b5 12. Rac1 Na6 13. Nxb5 Bxe4 14.
Nd6+ Kd7 15. Nxe4 Nxe4 16. Ba5 Nc7 17. Bxf7 Nd5 18. Bxd5 cxd5 19. Rc7+ Ke6 20.
Rxg7 h5 21. f3 Nd6 22. Re1+ Kf5 23. g4+ hxg4 24. fxg4+ Kf4 25. Bd2+ Kf3 26.
Re3+ 1-0

[Event "13. Sparkassen Open 2014 - Gruppe B"]
[Site "Forchheim"]
[Date "2014.10.04"]
[Round "4.3"]
[White "Heilmann, Karl Ludwig"]
[Black "Diller, Daniel"]
[Result "1-0"]
[WhiteElo "1640"]
[BlackElo "1872"]
[PlyCount "63"]
[EventDate "2014.??.??"]

1. e4 e6 2. d4 d5 3. e5 c5 4. c3 Nc6 5. Nf3 Qb6 6. a3 c4 7. Be2 Na5 8. Nbd2 Bd7
9. Qc2 f6 10. O-O O-O-O 11. Rb1 Qc7 12. Re1 Ne7 13. b3 cxb3 14. Nxb3 Ba4 15.
Nfd2 Nec6 16. exf6 Nxd4 17. fxg7 Bxg7 18. Qd3 Ndxb3 19. Nxb3 Nxb3 20. Bg5 Rdf8
21. Bg4 Nc5 22. Qxd5 h5 23. Bxe6+ Nxe6 24. Rxe6 Re8 25. Bf4 Rd8 26. Qf5 Qd7 27.
Qc5+ Bc6 28. Rd6 Qe8 29. Qf5+ Bd7 30. Qc5+ Bc6 31. Qf5+ Bd7 32. Rc6+ 1-0

[Event "13. Sparkassen Open 2014 - Gruppe B"]
[Site "Forchheim"]
[Date "2014.10.04"]
[Round "4.4"]
[White "Siegl, Melina"]
[Black "Huber, Lukas"]
[Result "1-0"]
[WhiteElo "1909"]
[BlackElo "1718"]
[PlyCount "81"]
[EventDate "2014.??.??"]

1. b3 Nf6 2. Bb2 e6 3. e3 b6 4. f4 Bb7 5. Nf3 c5 6. Be2 d5 7. O-O Be7 8. h3 Ne4
9. Qe1 Bf6 10. Ne5 O-O 11. g3 Nc6 12. d3 Nd6 13. Qf2 Nf5 14. Bg4 d4 15. e4 Ne3
16. Nxc6 Bxc6 17. Re1 b5 18. Ba3 Nxg4 19. hxg4 Qb6 20. Nd2 e5 21. Nf3 exf4 22.
gxf4 b4 23. Bc1 Rae8 24. Kg2 Bd8 25. a4 Bb7 26. Bd2 Bc7 27. Qh4 Qh6 28. Qxh6
gxh6 29. Rh1 Bc8 30. f5 f6 31. Rxh6 Rf7 32. Rah1 Rg7 33. Kf2 Bb7 34. g5 Bxe4
35. dxe4 Rxe4 36. Rxf6 Rge7 37. Re1 Rxe1 38. Nxe1 Kg7 39. Rc6 Rf7 40. f6+ Kg6
41. Nd3 1-0

[Event "13. Sparkassen Open 2014 - Gruppe B"]
[Site "Forchheim"]
[Date "2014.10.04"]
[Round "4.5"]
[White "Wagner, Robert"]
[Black "Reinfelder, Fabian"]
[Result "0-1"]
[WhiteElo "1848"]
[BlackElo "1854"]
[PlyCount "120"]
[EventDate "2014.??.??"]

1. d4 Nf6 2. c4 g6 3. Nc3 d5 4. cxd5 Nxd5 5. e4 Nxc3 6. bxc3 Bg7 7. Be3 c5 8.
Bc4 O-O 9. Ne2 cxd4 10. cxd4 Nc6 11. O-O Na5 12. Rc1 e6 13. Qd3 a6 14. Rc2 Bd7
15. Rfc1 Rc8 16. Nf4 Ba4 17. Rc3 Rxc4 18. Rxc4 Bb5 19. Rc8 Bxd3 20. Rxd8 Rxd8
21. Nxd3 Bxd4 22. Bf4 Nc6 23. Kf1 Kg7 24. Ke2 h6 25. Bd2 f5 26. Nb4 Rc8 27.
exf5 exf5 28. f3 Bb2 29. Bc3+ Bxc3 30. Rxc3 Re8+ 31. Kd2 Nxb4 32. Rc7+ Kf6 33.
Rxb7 Nxa2 34. Rb2 Nc1 35. Kxc1 Re1+ 36. Kd2 Ra1 37. Ke3 Kg5 38. g3 a5 39. h4+
Kh5 40. Kf4 Ra4+ 41. Ke5 Rb4 42. Ra2 a4 43. Kf6 Rb6+ 44. Kg7 Ra6 45. Ra3 g5 46.
hxg5 Kxg5 47. Kf7 h5 48. f4+ Kg4 49. Ke7 h4 50. gxh4 Kxh4 51. Kd7 Kg4 52. Kc7
Kxf4 53. Kb7 Ra5 54. Kb6 Re5 55. Rxa4+ Kf3 56. Ra3+ Re3 57. Ra1 Kf2 58. Kc5 f4
59. Kd5 f3 60. Ra2+ Re2 0-1

[Event "13. Sparkassen Open 2014 - Gruppe B"]
[Site "Forchheim"]
[Date "2014.10.04"]
[Round "4.6"]
[White "Menrad, Andreas"]
[Black "Großner, Josef"]
[Result "1-0"]
[WhiteElo "1974"]
[BlackElo "1607"]
[PlyCount "59"]
[EventDate "2014.??.??"]

1. e4 e6 2. d4 d5 3. Nd2 dxe4 4. Nxe4 Nd7 5. Nf3 Ngf6 6. Bd3 Nxe4 7. Bxe4 Nf6
8. Bd3 Be7 9. c3 O-O 10. Qe2 b6 11. Bg5 g6 12. Ne5 Bb7 13. f4 a6 14. Rg1 Kg7
15. g4 Nd5 16. Bxe7 Qxe7 17. Qf2 f6 18. Nc4 Rac8 19. O-O-O c5 20. dxc5 Rxc5 21.
f5 g5 22. fxe6 b5 23. Na5 Bc8 24. Nb3 Rc7 25. Qf5 Kg8 26. Qxd5 Bxe6 27. Qe4 Qf7
28. Kb1 Bxb3 29. axb3 Qxb3 30. Rge1 1-0

[Event "13. Sparkassen Open 2014 - Gruppe B"]
[Site "Forchheim"]
[Date "2014.10.04"]
[Round "4.7"]
[White "Adler, Herbert"]
[Black "Diller, Andreas"]
[Result "1/2-1/2"]
[WhiteElo "2010"]
[BlackElo "1572"]
[PlyCount "54"]
[EventDate "2014.??.??"]

1. d4 e6 2. Nf3 f5 3. g3 Nf6 4. b3 Be7 5. Bg2 c6 6. O-O b5 7. c4 bxc4 8. bxc4
d5 9. Ne5 Qc7 10. Qa4 O-O 11. Nd2 Bd7 12. c5 a5 13. f3 Na6 14. Ba3 Be8 15. Nd3
h5 16. e4 h4 17. e5 Nh5 18. gxh4 Bxh4 19. f4 g6 20. Nf3 Bd8 21. Rab1 Rb8 22.
Rxb8 Qxb8 23. Qc2 Rf7 24. Rb1 Rb7 25. Rxb7 Qxb7 26. Qb3 Qxb3 27. axb3 Bd7
1/2-1/2

[Event "13. Sparkassen Open 2014 - Gruppe B"]
[Site "Forchheim"]
[Date "2014.10.04"]
[Round "4.8"]
[White "Sander, Dirk"]
[Black "Nehls, Benedikt"]
[Result "1/2-1/2"]
[WhiteElo "1912"]
[BlackElo "2009"]
[PlyCount "120"]
[EventDate "2014.??.??"]

1. Nf3 Nf6 2. d4 g6 3. g3 Bg7 4. Bg2 O-O 5. O-O d6 6. c4 Nc6 7. Nc3 Rb8 8. d5
Na5 9. Nd2 c5 10. a3 Nd7 11. Qc2 Ne5 12. b3 a6 13. a4 Bd7 14. h3 f5 15. f4 Nf7
16. Bb2 Qc7 17. Rfb1 b6 18. Nd1 Bxb2 19. Nxb2 e5 20. dxe6 Bxe6 21. Nd1 Nc6 22.
Nf3 Nb4 23. Qc1 d5 24. cxd5 Nxd5 25. Nc3 Rbd8 26. h4 Rfe8 27. Kf2 Qe7 28. Rb2
Qf6 29. Nxd5 Bxd5 30. Ng5 Bxg2 31. Nxf7 Qxf7 32. Kxg2 Re4 33. Qc3 Qe6 34. Kf2
Re8 35. Raa2 Rd4 36. Rd2 Red8 37. Rxd4 Rxd4 38. Rc2 Qd5 39. a5 Rd1 40. Qc4 Qxc4
41. Rxc4 bxa5 42. Rxc5 Rb1 43. Rxa5 Rxb3 44. Rxa6 Kg7 45. Rd6 Ra3 46. e3 h5 47.
Re6 Ra2+ 48. Kf3 Ra3 49. Rb6 Rc3 50. Rd6 Rb3 51. Rd7+ Kf6 52. Rd6+ Kf7 53. Ke2
Rb2+ 54. Rd2 Rb1 55. Kf2 Rb3 56. Re2 Rb4 57. Rd2 Rb3 58. Ke2 Ra3 59. Rd3 Ra2+
60. Kf3 Ra4 1/2-1/2

[Event "13. Sparkassen Open 2014 - Gruppe B"]
[Site "Forchheim"]
[Date "2014.10.04"]
[Round "4.9"]
[White "Heiler, Karl"]
[Black "Wiesner, Frank"]
[Result "1-0"]
[WhiteElo "1846"]
[BlackElo "1980"]
[PlyCount "133"]
[EventDate "2014.??.??"]

1. e4 e5 2. Nf3 d6 3. d4 exd4 4. Nxd4 Nf6 5. Nc3 c6 6. Be2 Be7 7. O-O O-O 8.
Re1 Re8 9. Qd3 a5 10. Qg3 Bf8 11. Bd3 Kh8 12. Bg5 Nbd7 13. Qh4 Ne5 14. Bxf6
gxf6 15. Bf1 Be7 16. Nf5 Rg8 17. Re3 Bxf5 18. exf5 d5 19. Rh3 Rg7 20. Qd4 Qc7
21. Kh1 Rag8 22. Ne2 Nd7 23. Rd1 Rg4 24. Qd3 Bc5 25. Rxh7+ Kxh7 26. Qh3+ Kg7
27. Qxg4+ Kf8 28. Qh4 Qb6 29. Nc3 Bxf2 30. Qh6+ Ke8 31. Rd2 Bd4 32. Na4 Qa7 33.
Qh3 Be5 34. Qd3 Rg4 35. b3 Rf4 36. c4 d4 37. g3 Rg4 38. Qf3 Rg5 39. Bd3 Qb8 40.
Re2 Kd8 41. Kg2 Kc7 42. Re4 Qh8 43. Rg4 Rh5 44. h4 Qh6 45. Re4 Qh8 46. Rg4 Rh7
47. Re4 c5 48. Rg4 Bd6 49. Qd5 Ne5 50. Nxc5 Bxc5 51. Qxc5+ Nc6 52. Rxd4 Qe8 53.
Qd6+ Kc8 54. Re4 Qd8 55. Qxd8+ Kxd8 56. Rg4 Kc7 57. Rg8 Nd4 58. Kf2 Kd6 59. Ke3
Nc6 60. Be4 Nb4 61. Bxb7 Nxa2 62. Kd4 Nc1 63. c5+ Kc7 64. Bd5 Rh5 65. Ke4 Ne2
66. Bxf7 Kc6 67. Bxh5 1-0

[Event "13. Sparkassen Open 2014 - Gruppe B"]
[Site "Forchheim"]
[Date "2014.10.04"]
[Round "4.10"]
[White "Schmitz, Tim"]
[Black "Gentner, Markus"]
[Result "0-1"]
[WhiteElo "1865"]
[BlackElo "1988"]
[PlyCount "80"]
[EventDate "2014.??.??"]

1. e4 c6 2. d4 d5 3. Nc3 dxe4 4. Nxe4 Nf6 5. Nxf6+ gxf6 6. Nf3 Bg4 7. Be3 e6 8.
h3 Bh5 9. g4 Bg6 10. Bd3 Bd6 11. Qe2 Nd7 12. O-O-O Qc7 13. Kb1 O-O-O 14. c4 c5
15. Ka1 e5 16. dxc5 Bxc5 17. Bf5 Bxf5 18. gxf5 Be7 19. Rd5 Nb6 20. Rb5 Rd7 21.
Rc1 Qc6 22. Nd2 Rhd8 23. f3 Rc7 24. Ne4 Nd7 25. Rd5 b6 26. b3 Ba3 27. Rcd1 Rg8
28. Nd6+ Bxd6 29. Rxd6 Qb7 30. Qd3 Rg2 31. c5 bxc5 32. Bxc5 Rg3 33. Rg1 Rxg1+
34. Bxg1 Rc1+ 35. Kb2 Rxg1 36. Qc4+ Kb8 37. Qxf7 Rg2+ 38. Kb1 Nb6 39. Rd8+ Nc8
40. Qxf6 Qc7 0-1

[Event "13. Sparkassen Open 2014 - Gruppe B"]
[Site "Forchheim"]
[Date "2014.10.04"]
[Round "4.11"]
[White "Luther, Helmut"]
[Black "Rosenhain, Rachela"]
[Result "1-0"]
[WhiteElo "1992"]
[BlackElo "1757"]
[PlyCount "83"]
[EventDate "2014.??.??"]

1. d4 Nf6 2. c4 c5 3. d5 b5 4. a4 b4 5. b3 g6 6. Bb2 Bg7 7. g3 d6 8. Bg2 O-O 9.
e4 Bg4 10. Ne2 Bxe2 11. Qxe2 Nbd7 12. O-O a5 13. f4 Rb8 14. Nd2 Qc7 15. Nf3
Rfd8 16. e5 Ne8 17. e6 Nf8 18. exf7+ Kxf7 19. f5 Nf6 20. fxg6+ hxg6 21. Ng5+
Kg8 22. Bh3 e5 23. dxe6 Qe7 24. Rad1 Rb6 25. Qf2 N8h7 26. Nxh7 Nxh7 27. Bxg7
Qxg7 28. Qe3 Rb7 29. Rf2 Re7 30. Rfd2 Qc3 31. Rd3 Qb2 32. Rxd6 Rxd6 33. Rxd6
Qb1+ 34. Kg2 Qb2+ 35. Rd2 Qc3 36. Rd3 Qb2+ 37. Qd2 Qxd2+ 38. Rxd2 Ng5 39. Rd5
Nxh3 40. Kxh3 Rc7 41. Rd8+ Kg7 42. Rd7+ 1-0

[Event "13. Sparkassen Open 2014 - Gruppe B"]
[Site "Forchheim"]
[Date "2014.10.04"]
[Round "4.12"]
[White "Nixdorf, Andre"]
[Black "Volkovski, Reinhold"]
[Result "1-0"]
[WhiteElo "1996"]
[BlackElo "1726"]
[PlyCount "61"]
[EventDate "2014.??.??"]

1. e4 d6 2. d4 Nf6 3. Nc3 g6 4. Nf3 Bg7 5. Be2 c6 6. a4 Qc7 7. h3 Nbd7 8. O-O
O-O 9. Be3 e5 10. dxe5 dxe5 11. Qd2 Re8 12. Rfd1 Nf8 13. Qd6 Qxd6 14. Rxd6 Nh5
15. Bc4 Be6 16. Bxe6 Rxe6 17. Rxe6 Nxe6 18. Rd1 b6 19. Rd7 Bf6 20. g3 Kf8 21.
a5 Nd4 22. Nxd4 exd4 23. Bxd4 Ke8 24. Rd6 Ke7 25. e5 Bg7 26. Rxc6 bxa5 27. Nd5+
Kd7 28. Rc7+ Ke6 29. c4 Bf8 30. g4 Ng7 31. Nf4# 1-0

[Event "13. Sparkassen Open 2014 - Gruppe B"]
[Site "Forchheim"]
[Date "2014.10.04"]
[Round "4.13"]
[White "Balhar, Michael"]
[Black "Varga, Vlad Gabriel"]
[Result "1/2-1/2"]
[WhiteElo "1725"]
[BlackElo "1946"]
[PlyCount "32"]
[EventDate "2014.??.??"]

1. e4 c5 2. Nf3 d6 3. Bb5+ Bd7 4. Bxd7+ Qxd7 5. O-O Nc6 6. c3 Nf6 7. Re1 e5 8.
d4 g6 9. Na3 Rc8 10. dxe5 dxe5 11. Bg5 Qe6 12. Qd3 a6 13. Qc4 Qxc4 14. Nxc4 Nd7
15. Rad1 Be7 16. Bxe7 Kxe7 1/2-1/2

[Event "13. Sparkassen Open 2014 - Gruppe B"]
[Site "Forchheim"]
[Date "2014.10.04"]
[Round "4.14"]
[White "Schöne, Steffen"]
[Black "Wawor, Gerhard"]
[Result "0-1"]
[WhiteElo "1723"]
[BlackElo "1908"]
[PlyCount "112"]
[EventDate "2014.??.??"]

1. d4 e6 2. c4 Bb4+ 3. Nc3 Nf6 4. a3 Bxc3+ 5. bxc3 O-O 6. f3 d6 7. e4 e5 8. Ne2
b6 9. Ng3 Nc6 10. Bg5 h6 11. Be3 Ba6 12. Bd3 Qd7 13. Nf1 Rae8 14. Qe2 Kh8 15.
g4 Ng8 16. h4 Na5 17. Nd2 c6 18. d5 Bc8 19. Kf2 g6 20. h5 g5 21. Nf1 Qc7 22.
Ng3 Ne7 23. Qd2 Nb3 24. Qb2 Nxa1 25. Qxa1 f6 26. a4 Ba6 27. Qf1 Rc8 28. Bd2
cxd5 29. cxd5 Bxd3 30. Qxd3 Qc5+ 31. Kg2 Qa3 32. Qc2 Rc4 33. Rb1 Rfc8 34. Nf1
Qxa4 35. Qd3 Qa2 36. Kg3 Ra4 37. Ne3 Ra3 38. Be1 Rb3 39. Rxb3 Qxb3 40. Qa6 Rc7
41. Kf2 Nc8 42. Ke2 b5 43. Nf5 Qc4+ 44. Kf2 Qc5+ 45. Kg2 Kh7 46. Bf2 Qxc3 47.
Nxd6 Nb6 48. Ne8 Rf7 49. Bxb6 axb6 50. Qxb6 b4 51. Nxf6+ Kg7 52. Ne8+ Kf8 53.
Qd8 Qxf3+ 54. Kh2 Qf2+ 55. Kh1 Qf1+ 56. Kh2 Rf2+ 0-1

[Event "13. Sparkassen Open 2014 - Gruppe B"]
[Site "Forchheim"]
[Date "2014.10.04"]
[Round "4.15"]
[White "Hummel, Thomas"]
[Black "Lais, Thomas"]
[Result "1-0"]
[WhiteElo "1871"]
[BlackElo "1962"]
[PlyCount "83"]
[EventDate "2014.??.??"]

1. b3 e5 2. Bb2 d6 3. d4 exd4 4. Bxd4 Nc6 5. Bb2 Nf6 6. Nf3 Be7 7. g3 O-O 8.
Bg2 d5 9. O-O Bf5 10. a3 Qd7 11. b4 a6 12. Nbd2 Rad8 13. Re1 Qc8 14. Nf1 Bh3
15. Ne3 Bxg2 16. Kxg2 Qe6 17. Ng5 Qd6 18. Nf5 Qd7 19. Qd3 h6 20. Nxe7+ Nxe7 21.
Bxf6 hxg5 22. Bxg5 f6 23. Be3 Nf5 24. Bc5 Rfe8 25. c3 Kf7 26. Rad1 Rh8 27. Rh1
b6 28. Bd4 g5 29. c4 Kg7 30. c5 b5 31. Qd2 Qe6 32. Qxg5+ Kf7 33. Qf4 Nh4+ 34.
gxh4 Rhg8+ 35. Kf1 Rde8 36. e3 Qh3+ 37. Ke2 f5 38. Qxc7+ Re7 39. Qd6 Qg4+ 40.
Kd2 Qf3 41. Qf6+ Ke8 42. Rhf1 1-0

[Event "13. Sparkassen Open 2014 - Gruppe B"]
[Site "Forchheim"]
[Date "2014.10.04"]
[Round "4.16"]
[White "Adelhütte, Dennis"]
[Black "Pohl, Steffen"]
[Result "1-0"]
[WhiteElo "1965"]
[BlackElo "1772"]
[PlyCount "51"]
[EventDate "2014.??.??"]

1. Nf3 b6 2. e4 Bb7 3. Nc3 e6 4. d4 Bb4 5. Bd3 Nf6 6. e5 Nd5 7. Bd2 Bxc3 8.
bxc3 d6 9. c4 Ne7 10. exd6 Qxd6 11. O-O c5 12. Bc3 cxd4 13. Bxd4 O-O 14. Ng5 h6
15. Bh7+ Kh8 16. Bxg7+ Kxg7 17. Qxd6 Nbc6 18. Ne4 Kxh7 19. Nf6+ Kh8 20. Qf4 Kg7
21. Nh5+ Kh7 22. Qf6 Nf5 23. g4 Rg8 24. Qxf7+ Ng7 25. Nf6+ Kh8 26. Qg6 1-0

[Event "13. Sparkassen Open 2014 - Gruppe B"]
[Site "Forchheim"]
[Date "2014.10.04"]
[Round "4.17"]
[White "Tong, Kevin"]
[Black "Effenberg, Michael"]
[Result "1-0"]
[WhiteElo "1798"]
[BlackElo "1653"]
[PlyCount "51"]
[EventDate "2014.??.??"]

1. e4 e5 2. Nf3 Nc6 3. Bc4 Be7 4. d3 Nf6 5. O-O O-O 6. Re1 d5 7. exd5 Nxd5 8.
Nxe5 Nxe5 9. Rxe5 c6 10. Nd2 Bd6 11. Re1 Qf6 12. Ne4 Qg6 13. Nxd6 Bg4 14. f3
Bh3 15. Qe2 Qxd6 16. gxh3 Nf6 17. Qf2 a5 18. a4 Rad8 19. Bd2 Qd7 20. Bxa5 Ra8
21. Bc3 Qxh3 22. Bxf6 gxf6 23. Qg3+ Qxg3+ 24. hxg3 Kg7 25. Bb3 Ra5 26. Rad1 1-0

[Event "13. Sparkassen Open 2014 - Gruppe B"]
[Site "Forchheim"]
[Date "2014.10.04"]
[Round "4.18"]
[White "Mantel, Ruben"]
[Black "Kölbl, Jonathan"]
[Result "0-1"]
[WhiteElo "1659"]
[BlackElo "1891"]
[PlyCount "74"]
[EventDate "2014.??.??"]

1. c4 d6 2. Nc3 e5 3. Nf3 c6 4. d4 Nd7 5. e4 Ngf6 6. Be3 Be7 7. h3 h6 8. Bd3
Nh7 9. Qd2 Ng5 10. O-O-O Nxf3 11. gxf3 Bg5 12. f4 exf4 13. Bxf4 Bxf4 14. Qxf4
Qg5 15. Qxg5 hxg5 16. Rdg1 f6 17. h4 Rxh4 18. Rxh4 gxh4 19. Rxg7 Nf8 20. Ne2
Bd7 21. Nf4 O-O-O 22. Bf1 Re8 23. f3 f5 24. Bg2 fxe4 25. fxe4 Ne6 26. Nxe6 Bxe6
27. Rh7 Rg8 28. Bf3 Rf8 29. d5 Bd7 30. Be2 h3 31. Kd2 Rf2 32. Ke3 Rg2 33. Rh4
Rg7 34. Kf3 cxd5 35. cxd5 Kc7 36. Bf1 Rf7+ 37. Ke2 Bb5+ 0-1